Movies Quiz

Random Movies Quiz

Michael Fassbender Films Quiz Stats

 Plays Quiz not verified by Sporcle

Support Sporcle.
Go Orange.
Score 0/15 Timer 03:00
0 Plays Today
% Correct
12 Years a Slave
88.5%
Prometheus
84.6%
Steve Jobs
84.6%
Shame
76.9%
Frank
76.9%
300
73.1%
Assassin's Creed
73.1%
The Snowman
73.1%
% Correct
X-Men: First Class
69.2%
Macbeth
69.2%
A Dangerous Method
61.5%
The Light Between Oceans
57.7%
Inglorious Basterds
30.8%
The Counsellor
30.8%
Song to Song
26.9%

You're not logged in!

Compare scores with friends on all Sporcle quizzes.
OR
Log In

From the Vault

5-Star Parts of Speech

by kittypoo

This noun is so adjective.
Remove Ads.
Support Sporcle.
Get the best of Sporcle when you Go Orange. This ad-free experience offers more features, more stats, and more fun while also helping to support Sporcle. Thank you for becoming a member.

Show Comments

Extras

Created Nov 29, 2017ReportNominate
Tags:frame, michael, Single

Top Quizzes Today


Score Distribution

Your Account Isn't Verified!

In order to create a playlist on Sporcle, you need to verify the email address you used during registration. Go to your Sporcle Settings to finish the process.

Report this User

Report this user for behavior that violates our Community Guidelines.

Details: